000 00630nam a2200205Ia 4500
005 20250508151545.0
008 008 250505s9999 xx 000 0 eng d
037 _aTextual
040 _aFEDL
_beng
_cFEDL
041 _aeng
_2eng
084 _a954, SAR
_qFEDL
100 _aSarkar Jadunath
245 0 _aIndia through the ages: A survey of the growth of Indian life and thought
250 _a4
260 _aCalcutta, India
_bM C Sarkar and Sons Limited
_c1958
300 _aiv,99p
546 _aSir william meyer Lectures, 1928, Madran University
942 _cTEXL
_h954, SAR
999 _c1330606
_d1330606